Biblioteca y Centro de Documentación

Les processus de néolithisation: socialiser la nature et naturaliser la société (Registro nro. 44663)

Detalles MARC
000 -CABECERA
Longitud fija campo de control 01175naa a2200289 4500
001 - NÚMERO DE CONTROL
Número de control 44663
003 - IDENTIFICADOR DE NÚMERO DE CONTROL
Identificador del número de control ES-MaCES
005 - FECHA Y HORA DE LA ÚLTIMA TRANSACCIÓN
Fecha y hora de la última transacción 20140527142851.0
008 - CAMPO FIJO DE DESCRIPCIÓN FIJA--INFORMACIÓN GENERAL
Códigos de información de longitud fija   000000s2013 fr ||||| |||| 00| | fre d
040 ## - FUENTE DE CATALOGACIÓN
Centro catalogador de origen ES-MaCES
Lengua de catalogación spa
Centro transcriptor ES-MaCES
100 1# - ENCABEZAMIENTO PRINCIPAL--NOMBRE PERSONAL
9 (RLIN) 34949
Nombre de persona Chorin, Delphine
245 14 - MENCIÓN DE TÍTULO
Título Les processus de néolithisation: socialiser la nature et naturaliser la société
Mención de responsabilidad, etc. Delphine Chorin et Augustin F. C. Holl
500 ## - NOTA GENERAL
Nota general Resumen
504 ## - NOTA DE BIBLIOGRAFÍA, ETC.
Nota de bibliografía, etc. Bibliografía: p. 183-185
650 #4 - ASIENTO SECUNDARIO DE MATERIA--TÉRMINO DE MATERIA
9 (RLIN) 27251
Término de materia o nombre geográfico como elemento inicial historia
650 #4 - ASIENTO SECUNDARIO DE MATERIA--TÉRMINO DE MATERIA
9 (RLIN) 27261
Término de materia o nombre geográfico como elemento inicial civilización
650 #4 - ASIENTO SECUNDARIO DE MATERIA--TÉRMINO DE MATERIA
9 (RLIN) 29870
Término de materia o nombre geográfico como elemento inicial identidad cultural
650 #4 - ASIENTO SECUNDARIO DE MATERIA--TÉRMINO DE MATERIA
9 (RLIN) 27262
Término de materia o nombre geográfico como elemento inicial cambio cultural
650 #4 - ASIENTO SECUNDARIO DE MATERIA--TÉRMINO DE MATERIA
9 (RLIN) 27016
Término de materia o nombre geográfico como elemento inicial modernización
650 #4 - ASIENTO SECUNDARIO DE MATERIA--TÉRMINO DE MATERIA
9 (RLIN) 27286
Término de materia o nombre geográfico como elemento inicial cambio social
650 #4 - ASIENTO SECUNDARIO DE MATERIA--TÉRMINO DE MATERIA
9 (RLIN) 27258
Término de materia o nombre geográfico como elemento inicial análisis transcultural
653 10 - TÉRMINO DE INDEXACIÓN--NO CONTROLADO
Término no controlado Ciencias Sociales-Políticas
700 1# - ENCABEZAMIENTO SECUNDARIO--NOMBRE PERSONAL
9 (RLIN) 34950
Nombre de persona Holl, Augustin Ferdinand Charles
Fechas asociadas al nombre (1954-....)
773 0# - ENTRADA DE DOCUMENTO FUENTE
Itemnumber del ítem fuente 81123
Lugar, editor y fecha de publicación Cambridge (The Pitt Building, Trumpington Street, CB2 IRP), [etc.] Cambridge University Press [ca. 1959]-
Otro identificador del documento 084030
Título Archives européennes de sociologie
Número de control del registro relacionado (ES-MaCES)25711
Parte(s) relacionada(s) t. 54, nº 2 (2013) {10711 R. 084030} ;p. 157-185
902 ## - CES. TIPO DE DOCUMENTO
Tipodoc (006$c Sirtex) ART Artículo de revista
942 ## - ELEMENTOS KOHA
Fuente de clasificaión o esquema Clasificación propia del CES
Koha [por defecto] tipo de item Artículos (1982-2017)
Parte de clasificación Ciencias Sociales Politicas Empresariale

No hay ítems disponibles.

© CES, Consejo Económico y Social de España 2021